| 000 | 00701nam a2200193 i 4500 | ||
|---|---|---|---|
| 001 | 173672 | ||
| 003 | ES-MaACL | ||
| 005 | 20230906215317.0 | ||
| 007 | t| | ||
| 008 | 091229s1877 sp |||| | spa d | ||
| 110 | 2 |
_aReal Academia de Ciencias Exactas, Físicas y Naturales de España. _9175635 |
|
| 245 | 1 | 0 |
_aMemorias de la Real Academia de Ciencias _g1877. |
| 260 |
_aMadrid : _b[s.n.], _c1877 (Imp. de la Viuda de Aguado e Hijos) |
||
| 300 |
_av. ; _c28 cm. |
||
| 505 | 8 |
_aContiene: T. VII ; _tTratado elemental de la teoría de los números / _rEulogio Jiménez (674 p.). |
|
| 650 | 4 |
_aNúmeros, Teoría de los. _9138233 |
|
| 700 | 1 |
_aJiménez, Eulogio. _9138236 |
|
| 852 |
_aES-MaACL _jK-222 |
||
| 999 |
_c173672 _d173672 |
||